Les 20 duos de milieux de terrain avec le meilleur % de victoire. - Statistiques

Statistiques générales
  • Ce quiz a été pris 251 fois
  • Le résultat moyen est 15 sur 20
Statistiques - réponses
%
Victoire
Duos Equipes Matchs % Correct
71.1 Sergio Busquets/ Andres Iniesta Barca Espagne 440
96%
73.6 Sergio Busquets/ Xavi BarcaEspagne 314
96%
70.9 Cesc Fabregas/ Xavi BarcaEspagne 165
95%
71.7 Cesc Fabregas/ Andres Iniesta BarcaEspagne 187
94%
68.4 Luka Modric/ Federico Valverde Real 136
91%
74 Bernardo Silva/ Rodri Man City 173
89%
77.9 Ilkay Gundogan/ Bernardo Silva Man City 226
89%
71.8 Blaise Matuidi/ Marco Verratti PSG 174
88%
70.2 Marco Verratti/ Thiago Motta PSGItalie 141
88%
72.1 Toni Kroos/ Bastian Schweinsteiger BayernAllemagne 179
85%
74.7 Ilkay Gundogan/ Rodri Man City 150
83%
74 Sergio Busquets/ Ivan Rakitic Barca 250
80%
69.8 Sergio Busquets/ Cesc Fabregas BarcaEspagne 172
79%
71.3 Ilkay Gundogan/ Fernandinho Man City 157
70%
69.3 Blaise Matuidi/ Thiago Motta PSG 166
69%
67.6 Frank Lampard/ Michael Ballack Chelsea 142
64%
68.1 Michael Carrick/ Paul Scholes Man UnitedAngleterre 160
55%
67.6 Fabinho/ Georginio Wijnaldum Liverpool 105
46%
68.2 Xabi Alonso/ Sami Khedira Real 110
41%
67.7 Michael Carrick/ Darren Fletcher Man United 158
34%
Aucun quiz correspondant
Distribution des résultats
% des personnes avec chaque résultat
Percentile par nombre de réponses
Votre historique - résultats
Vous n’avez pas pris ce quiz